1987 1570 1005 1984 1936 1456 1604 1319 1095 1864 1852 1412 1811 1123 1017 1338 1581 1004 1835 1881 1328 1568 1065 1257 1454 1089 1098 1443 1766 1972 1470 1787 1217 1637 1779 1822 1855 1038 1275 1080 1415 1036 1672 1423 1046 1220 1705 1568 1797 1975 1723 1682 1185 1498 1015 1189 1748 1945 1706 1858 1764 1269 1083 1391 1042 1456 1161 1343 1859 1806 1419 1306 1222 1587 1619 1680 1522 1851 1786 1486 1607 1593 1081 1114 1777 1816 1916 1362 1372 1065 1393 1374 1693 1520 1467 1306 1949 1842 1835 BCNSPRNW ULIB Ver.6.0+V

เปลี่ยนเป็นภาษาไทย

Change to English
 แสดงรายละเอียดบรรณานุกรม
  กลับหน้าหลัก

Brief Record : Get Marc (ISO 2709) : E-mail record : QR code < ปิดหน้าต่าง
LEADER : 00000nam 2200000uu 4500
001    13399114762
003     ULIB
008    120514s2554||||th 000 0 tha d
020    ^a9789744963529
050 04 ^aH62^bส824ส
100 0  ^aสุปัญญา ไชยชาญ
245 10 ^aสยบมารงานวิจัย /^cสุปัญญา ไชยชาญ
250    ^aพิมพ์ครั้งที่ 1
260    ^aกรุงเทพฯ :^bพี.เอ.ลีฟวิ่ง,^c2554
300    ^a368 หน้า
650  7 ^aวิจัย
945    ^p200^l0^i19043
995    ^aกัณชพร
999 ^a ใช้งานได้ทุกระบบ
รายการนี้ยังไม่มีแท็ก
คุณยังไม่ได้ล็อกอิน คุณสามารถมีกิจกรรมร่วมกับเว็บไซต์ได้ แต่ต้องล็อกอินก่อน ::
  ล็อกอิน

รายการสื่อสารสนเทศ

ลำดับที่ ประเภท เลขเรียก/บาร์โค้ด สถานที่ สถานะ
- ไม่พบข้อมูล -

รายการใกล้เคียง
    ผู้แต่ง [สุปัญญา ไชยชาญ]

    หัวเรื่อง [วิจัย]

BibComment


ยังไม่เคยถูกคอมเมนท์

คอมเมนท์ทรัพยากรรายการนี้
  คอมเมนท์: สยบมารงานวิจัย ..


 Copyright 2026. Bcnsprnw @Library